Statistics for Cities in the Pokémon Hoenn Region on a Map

Click here to take the quiz!

General Stats

  • This quiz has been taken 611 times
    (608 since last reset)
  • The average score is 13 of 16

Answers on the Map

Answers color-coded by a green-red scale on the quiz's map according to % correct below.
 

Answer Stats

Answer% Correct
Littleroot Town
88%
Mauville City
84%
Ever Grande City
82%
Fortree City
82%
Rustboro City
82%
Sootopolis City
82%
Dewford Town
81%
Petalburg City
81%
Slateport City
81%
Pacifidlog Town
80%
Lavaridge Town
78%
Oldale Town
77%
Lilycove City
76%
Mossdeep City
75%
Fallarbor Town
69%
Verdanturf Town
65%

Score Distribution

Percentile by Number Answered

Percent of People with Each Score

Your Score History

You have not taken this quiz since the last reset